| 000 | 01000nam a2200301 i 4500 | ||
|---|---|---|---|
| 003 | EG-GICUC | ||
| 005 | 20260420085447.0 | ||
| 008 | 260420s1922 fre||||fr|||| 001 0 fre d | ||
| 040 |
_aEG-GiCUC _bfre _cEG-GiCUC _dEG-GiCUC _eRda |
||
| 041 | _afre | ||
| 082 | 0 | 4 |
_221 _a343 _bGA. D . |
| 092 | 0 | 4 | _221 |
| 099 | _aLaw 1 10 343 GA. D 3 ed 1922 | ||
| 100 | 1 | _a Garraud, R. | |
| 245 |
_aDroit Pénal Français / _cR. Garraud. |
||
| 250 | _aTroisième Édition. | ||
| 264 |
_aParis : _bLibrairie De La Société Du Rh Recueil Sirey , _c1922. |
||
| 300 |
_a694 page : _c 24 cm. |
||
| 336 |
_2rda contenu _a texte |
||
| 337 |
_2rda medias _aOrdinateur |
||
| 338 |
_2 transporteur rda _a Ressource en ligne |
||
| 504 | _aComprend des références bibliographiques et un index. | ||
| 650 | 1 | 4 |
_aComprend des références bibliographiques et un index. _2qrmak |
| 651 | 1 | _2qrmak | |
| 856 | 4 | 0 | _uhttps://fll.law.cu.edu.eg/fulltext/bks/B10-10072.pdf |
| 905 |
_a168 _eEman |
||
| 942 |
_2ddc _cBK _e21 _n0 |
||
| 999 |
_c72066 _d72066 |
||